[Event "Mecklenburg VP LL2 West 2223"]
[Site "Mecklenburg VP"]
[Date "2022.11.27"]
[Round "3.8"]
[White "Hampe, Tobias"]
[Black "Richter, Thomas"]
[Result "0-1"]
[WhiteElo "1194"]
[BlackElo "1738"]
[PlyCount "66"]
[EventDate "2022.10.23"]
[EventType "team-tourn"]
[EventRounds "9"]
[EventCountry "GER"]
[SourceTitle "EXT 2024"]
[Source "ChessBase"]
[SourceDate "2023.10.10"]
[SourceVersion "1"]
[SourceVersionDate "2023.10.10"]
[SourceQuality "1"]
[WhiteTeam "Putlitz Pritzwalk"]
[BlackTeam "Parchim SV Blau-Weiss 69"]
[WhiteTeamCountry "GER"]
[BlackTeamCountry "GER"]

1. e4 c5 2. Nf3 Nc6 3. d4 cxd4 4. Nxd4 d6 5. Bc4 Nf6 6. Nc3 Bd7 7. h3 g6 8. Be3 Bg7 9. Qd2 0-0 10. f4 a6 11. a4 Rc8 12. 0-0-0 Qa5 13. Nb3 Qc7 14. Bd3 Nb4 15. e5 Nxd3+ 16. Qxd3 dxe5 17. fxe5 Bf5 18. Qd4 Ne4 19. Bf4 Nxc3 20. Qxc3 Qxc3 21. bxc3 Rxc3 22. Nd4 Be4 23. Kb2 Rfc8 24. Rd2 e6 25. Re1 Bd5 26. Ra1 R3c4 27. Ra3 Rb4+ 28. Ka1 Rcc4 29. c3 Rxa4 30. Rxa4 Rxa4+ 31. Kb2 Ra2+ 32. Kc1 Rxd2 33. Kxd2 Bxg2 0-1

[Event "Sachsen-Anhalt Landesliga-B 1920"]
[Site "Sachsen Anhalt"]
[Date "2020.02.02"]
[Round "6.8"]
[White "Richter, Thomas"]
[Black "Ruhs, Marco"]
[Result "0-1"]
[WhiteElo "1740"]
[BlackElo "1769"]
[PlyCount "78"]
[EventDate "2019.09.29"]
[EventType "team-tourn"]
[EventRounds "9"]
[EventCountry "GER"]
[SourceTitle "EXT 2023"]
[Source "ChessBase"]
[SourceDate "2022.10.05"]
[SourceVersion "1"]
[SourceVersionDate "2022.10.05"]
[SourceQuality "1"]
[WhiteTeam "Zeitz Motor"]
[BlackTeam "Halle USV III"]
[WhiteTeamCountry "GER"]
[BlackTeamCountry "GER"]

1. d4 Nf6 2. Nf3 e6 3. c4 d5 4. Nc3 dxc4 5. e3 a6 6. Bxc4 b5 7. Be2 Bb7 8. a3 Nbd7 9. b4 Bd6 10. Qd3 Nb6 11. e4 Be7 12. 0-0 0-0 13. Bg5 h6 14. Bh4 Qe8 15. Qc2 Rd8 16. Rfd1 Nh7 17. Bg3 Bd6 18. e5 Be7 19. Ne4 Qc6 20. Nc5 Bxc5 21. dxc5 Rxd1+ 22. Rxd1 Nd5 23. Qc1 Ne7 24. Ne1 Ba8 25. Qd2 Nd5 26. f4 Rc8 27. Bf3 Qe8 28. Nc2 Nf8 29. Qd3 Ng6 30. Qd2 Nge7 31. Bf2 Rd8 32. Nd4 Ng6 33. g3 Nge7 34. Bg2 Nc6 35. Qc2 Nce7 36. Be4 Nc6 37. Rd3 Ncxb4 38. axb4 Nxb4 39. Nxe6 Rxd3 0-1

[Event "Mecklenburg VP LL2 West 1819"]
[Site "Mecklenburg VP"]
[Date "2019.01.20"]
[Round "5.5"]
[White "Piske, Thomas"]
[Black "Richter, Thomas"]
[Result "1-0"]
[WhiteElo "1956"]
[BlackElo "1738"]
[PlyCount "49"]
[EventDate "2018.10.21"]
[EventType "team-tourn"]
[EventRounds "9"]
[EventCountry "GER"]
[SourceTitle "EXT 2022"]
[Source "ChessBase"]
[SourceDate "2021.10.06"]
[SourceVersion "1"]
[SourceVersionDate "2021.10.06"]
[SourceQuality "1"]
[WhiteTeam "Grevesmuehlen Blau Weiss"]
[BlackTeam "Parchim SV Blau-Weiss 69"]
[WhiteTeamCountry "GER"]
[BlackTeamCountry "GER"]

1. e4 c5 2. Nf3 Nc6 3. d4 cxd4 4. Nxd4 d6 5. Nc3 g6 6. Be3 Bg7 7. Qd2 Nf6 8. f3 Bd7 9. 0-0-0 0-0 10. g4 Qc7 11. h4 Ne5 12. h5 Nxf3 13. Nxf3 Bxg4 14. Be2 Bxh5 15. Rdg1 a6 16. Nd4 Bxe2 17. Qxe2 h5 18. Nd5 Qd8 19. Nxf6+ exf6 20. Rxh5 Re8 21. Nf5 g5 22. Qh2 Rxe4 23. Nxg7 Kxg7 24. Rh7+ Kg6 25. Rf1 1-0

[Event "Sachsen-Anhalt Verbandsliga 18/19"]
[Site "Sachsen Anhalt"]
[Date "2018.10.21"]
[Round "1.8"]
[White "Richter, Thomas"]
[Black "Buescher, Sven"]
[Result "0-1"]
[WhiteElo "1738"]
[BlackElo "1758"]
[PlyCount "82"]
[EventDate "2018.10.21"]
[EventType "team-tourn"]
[EventRounds "9"]
[EventCountry "GER"]
[SourceTitle "EXT 2022"]
[Source "ChessBase"]
[SourceDate "2021.10.06"]
[SourceVersion "1"]
[SourceVersionDate "2021.10.06"]
[SourceQuality "1"]
[WhiteTeam "Loeberitz II"]
[BlackTeam "Merseburg"]
[WhiteTeamCountry "GER"]
[BlackTeamCountry "GER"]

1. d4 e6 2. Nf3 d5 3. g3 Nf6 4. Bg2 Be7 5. 0-0 c6 6. b3 Nbd7 7. Ba3 0-0 8. Bxe7 Qxe7 9. Nbd2 e5 10. dxe5 Nxe5 11. Nxe5 Qxe5 12. Nf3 Qh5 13. Qd2 Re8 14. Rfe1 Ne4 15. Qc1 Bg4 16. c4 dxc4 17. Qxc4 Qf5 18. Rad1 Rad8 19. Rxd8 Rxd8 20. Qc1 h6 21. Qe3 Re8 22. Nd4 Qa5 23. Qc1 Nc5 24. Qb1 Qc3 25. Nf3 Qf6 26. Qc1 Ne4 27. Qf4 Qxf4 28. gxf4 Nc3 29. e3 Rd8 30. Ne5 Be6 31. e4 Nxa2 32. Rb1 Nc3 33. Ra1 a6 34. f5 Bxb3 35. Ra3 Ne2+ 36. Kf1 Bd1 37. Bf3 Nf4 38. Ke1 Bxf3 39. Rxf3 Nh5 40. Ng4 Re8 41. e5 Nf6 0-1

[Event "Mecklenburg VP LL2 West 1718"]
[Site "Mecklenburg VP"]
[Date "2018.04.08"]
[Round "8.7"]
[White "Richter, Thomas"]
[Black "Knoop, Sascha"]
[Result "1-0"]
[WhiteElo "1738"]
[BlackElo "1782"]
[PlyCount "61"]
[EventDate "2017.10.08"]
[EventType "team-tourn"]
[EventRounds "9"]
[EventCountry "GER"]
[SourceTitle "EXT 2022"]
[Source "ChessBase"]
[SourceDate "2021.10.06"]
[SourceVersion "1"]
[SourceVersionDate "2021.10.06"]
[SourceQuality "1"]
[WhiteTeam "Parchim SV Blau-Weiss 69"]
[BlackTeam "Mecklenburger Springer SC"]
[WhiteTeamCountry "GER"]
[BlackTeamCountry "GER"]

1. c4 Nf6 2. Nc3 e6 3. Nf3 d5 4. cxd5 exd5 5. e3 c6 6. b3 Bd6 7. Bb2 Bf5 8. Be2 Nbd7 9. Rc1 h5 10. g3 Rg8 11. h4 Qb8 12. Rg1 Ng4 13. Nd4 g6 14. Nxf5 gxf5 15. Bxg4 fxg4 16. Ne2 Ne5 17. Bxe5 Bxe5 18. Qc2 Qd6 19. Qf5 Rh8 20. d4 Qf6 21. Qxe5+ Qxe5 22. dxe5 Kd7 23. Nf4 Rae8 24. Nd3 a5 25. a3 b6 26. b4 axb4 27. axb4 Ra8 28. Kd2 Ra2+ 29. Rc2 Rxc2+ 30. Kxc2 Ke6 31. Ra1 1-0

[Event "Mecklenburg VP LL2 West 1718"]
[Site "Mecklenburg VP"]
[Date "2017.12.10"]
[Round "4.5"]
[White "Richter, Thomas"]
[Black "Meier, Klaus"]
[Result "0-1"]
[WhiteElo "1738"]
[BlackElo "2013"]
[PlyCount "94"]
[EventDate "2017.10.08"]
[EventType "team-tourn"]
[EventRounds "9"]
[EventCountry "GER"]
[SourceTitle "EXT 2022"]
[Source "ChessBase"]
[SourceDate "2021.10.06"]
[SourceVersion "1"]
[SourceVersionDate "2021.10.06"]
[SourceQuality "1"]
[WhiteTeam "Parchim SV Blau-Weiss 69"]
[BlackTeam "Ludwigslust VT 2000"]
[WhiteTeamCountry "GER"]
[BlackTeamCountry "GER"]

1. c4 g6 2. Nc3 Bg7 3. g3 c5 4. Bg2 Nc6 5. Nf3 d6 6. d3 a6 7. a3 e6 8. 0-0 Nge7 9. Rb1 0-0 10. Bd2 Rb8 11. Qc1 Re8 12. Re1 f5 13. Bh6 Bf6 14. Bg5 Bxg5 15. Nxg5 h6 16. Nf3 Kg7 17. b4 cxb4 18. axb4 b5 19. cxb5 axb5 20. Qb2 Kh7 21. e3 d5 22. Ne2 Qd6 23. Qf6 Rg8 24. Qb2 g5 25. Ned4 Nd8 26. Ra1 e5 27. Ne2 Ndc6 28. Reb1 f4 29. exf4 gxf4 30. Nh4 Bg4 31. Ra6 Rbf8 32. Nc3 f3 33. Bf1 Qf6 34. Nxb5 Bc8 35. Rxc6 Nxc6 36. Kh1 Rg4 37. Bh3 Rxb4 38. Qc2 Rxb1+ 39. Qxb1 Bxh3 40. Nc3 Rb8 41. Qa2 Be6 42. Qc2 e4 43. Nd1 Rc8 44. Qb3 Na5 45. Qb1 Qd4 46. dxe4 Qxe4 47. Qxe4+ dxe4 0-1

[Event "Mecklenburg VP LL2 West 1718"]
[Site "Mecklenburg VP"]
[Date "2017.11.26"]
[Round "3.5"]
[White "Richter, Thomas"]
[Black "Piske, Thomas"]
[Result "1/2-1/2"]
[WhiteElo "1738"]
[BlackElo "1954"]
[PlyCount "35"]
[EventDate "2017.10.08"]
[EventType "team-tourn"]
[EventRounds "9"]
[EventCountry "GER"]
[SourceTitle "EXT 2022"]
[Source "ChessBase"]
[SourceDate "2021.10.06"]
[SourceVersion "1"]
[SourceVersionDate "2021.10.06"]
[SourceQuality "1"]
[WhiteTeam "Parchim SV Blau-Weiss 69"]
[BlackTeam "Grevesmuehlen Blau Weiss"]
[WhiteTeamCountry "GER"]
[BlackTeamCountry "GER"]

1. c4 Nf6 2. Nc3 g6 3. g3 Bg7 4. Bg2 0-0 5. Nf3 d6 6. 0-0 e5 7. d3 Nc6 8. a3 Be6 9. Ng5 Bd7 10. Bd2 Qc8 11. Rb1 h6 12. Nf3 Bh3 13. Qc1 Kh7 14. b4 Qg4 15. Qd1 Qh5 16. Nd5 Ng4 17. e3 Rac8 18. b5 1/2-1/2

[Event "Sachsen-Anhalt Verbandsliga 2017/18"]
[Site "Sachsen Anhalt"]
[Date "2017.10.22"]
[Round "1.8"]
[White "Schmidt, Thomas"]
[Black "Richter, Thomas"]
[Result "1-0"]
[WhiteElo "1972"]
[BlackElo "1738"]
[PlyCount "47"]
[EventDate "2017.12.22"]
[EventType "team-tourn"]
[EventRounds "9"]
[EventCountry "GER"]
[SourceTitle "EXT 2020"]
[Source "ChessBase"]
[SourceDate "2019.10.17"]
[SourceVersion "1"]
[SourceVersionDate "2019.10.17"]
[SourceQuality "1"]
[WhiteTeam "Reideburg 90 Halle"]
[BlackTeam "Loeberitz II"]
[WhiteTeamCountry "GER"]
[BlackTeamCountry "GER"]

1. e4 c5 2. d4 cxd4 3. c3 Nc6 4. cxd4 d6 5. Bc4 g6 6. Nf3 h6 7. 0-0 Bg7 8. h3 Qb6 9. Nc3 e6 10. Be3 Qd8 11. Qb3 Bd7 12. Nb5 Bf8 13. d5 Na5 14. Qc3 Rh7 15. Bd3 Rc8 16. Qa3 Nc4 17. Bxc4 Rxc4 18. Nxd6+ Bxd6 19. Qxd6 Rxe4 20. Nd2 Ra4 21. Bc5 Ne7 22. Rfe1 Ra6 23. Qe5 Nxd5 24. Qxd5 1-0

[Event "Mecklenburg VP LL2 West 1112"]
[Site "Mecklenburg VP"]
[Date "2012.03.18"]
[Round "8.6"]
[White "Bartusch, Klaus"]
[Black "Richter, Thomas"]
[Result "1/2-1/2"]
[WhiteElo "1654"]
[BlackElo "1536"]
[PlyCount "57"]
[EventDate "2011.10.02"]
[EventType "team-tourn"]
[EventRounds "9"]
[EventCountry "GER"]
[SourceTitle "EXT 2022"]
[Source "ChessBase"]
[SourceDate "2021.10.06"]
[SourceVersion "1"]
[SourceVersionDate "2021.10.06"]
[SourceQuality "1"]
[WhiteTeam "Schwerin SV Einheit"]
[BlackTeam "Parchim SV Blau-Weiss 69"]
[WhiteTeamCountry "GER"]
[BlackTeamCountry "GER"]

1. d4 Nf6 2. c4 g6 3. Nc3 Bg7 4. e4 d6 5. f3 0-0 6. Be3 b6 7. Bd3 Bb7 8. Qd2 e6 9. Nge2 c6 10. 0-0-0 d5 11. e5 Nfd7 12. Bg5 f6 13. exf6 Bxf6 14. Bxf6 Qxf6 15. h4 e5 16. cxd5 exd4 17. Ne4 Qe5 18. d6 Nf6 19. f4 Nxe4 20. fxe5 Nxd2 21. Rxd2 c5 22. Bc4+ Kg7 23. h5 Nd7 24. h6+ Kh8 25. e6 Ne5 26. Bb5 Rf6 27. e7 Bc6 28. Bxc6 Nxc6 29. Ng3 1/2-1/2

[Event "Mecklenburg VP LL2 West 1112"]
[Site "Mecklenburg VP"]
[Date "2012.03.04"]
[Round "6.6"]
[White "Prueter, Reinhard"]
[Black "Richter, Thomas"]
[Result "0-1"]
[WhiteElo "1623"]
[BlackElo "1536"]
[PlyCount "70"]
[EventDate "2011.10.02"]
[EventType "team-tourn"]
[EventRounds "9"]
[EventCountry "GER"]
[SourceTitle "EXT 2022"]
[Source "ChessBase"]
[SourceDate "2021.10.06"]
[SourceVersion "1"]
[SourceVersionDate "2021.10.06"]
[SourceQuality "1"]
[WhiteTeam "Kuehlungsborn SV Empor"]
[BlackTeam "Parchim SV Blau-Weiss 69"]
[WhiteTeamCountry "GER"]
[BlackTeamCountry "GER"]

1. d4 Nf6 2. Nf3 g6 3. c4 Bg7 4. Nc3 0-0 5. Bg5 d6 6. e3 b6 7. Be2 Bb7 8. 0-0 Nbd7 9. Qc2 d5 10. Ne5 dxc4 11. Bxc4 e6 12. Bb5 Qc8 13. Nc6 Re8 14. Ne5 c6 15. Be2 a6 16. Rac1 c5 17. Bxf6 Nxf6 18. Na4 cxd4 19. Nxb6 Qxc2 20. Rxc2 Be4 21. Rc4 Rab8 22. Nbd7 Nxd7 23. Nxd7 Rxb2 24. Rfc1 Rxe2 25. Rc8 Re1+ 26. Rxe1 Rxc8 27. exd4 Bd5 28. Nb6 Rc2 29. Nxd5 exd5 30. Re8+ Bf8 31. g3 Rxa2 32. Rd8 Ra5 33. Kg2 Kg7 34. h4 Be7 35. Rd7 Bf6 0-1

[Event "Mecklenburg VP LL2 West 1112"]
[Site "Mecklenburg VP"]
[Date "2011.12.11"]
[Round "4.4"]
[White "Richter, Thomas"]
[Black "Hertel Mach, Frank"]
[Result "0-1"]
[WhiteElo "1536"]
[BlackElo "1814"]
[PlyCount "74"]
[EventDate "2011.10.02"]
[EventType "team-tourn"]
[EventRounds "9"]
[EventCountry "GER"]
[SourceTitle "EXT 2022"]
[Source "ChessBase"]
[SourceDate "2021.10.06"]
[SourceVersion "1"]
[SourceVersionDate "2021.10.06"]
[SourceQuality "1"]
[WhiteTeam "Parchim SV Blau-Weiss 69"]
[BlackTeam "Malchow Schachinsel"]
[WhiteTeamCountry "GER"]
[BlackTeamCountry "GER"]

1. c4 f5 2. Nf3 Nf6 3. Nc3 e6 4. e3 c5 5. g3 Nc6 6. Bg2 Be7 7. 0-0 0-0 8. b3 e5 9. Ne2 e4 10. Ne1 d5 11. cxd5 Nxd5 12. Bb2 Bf6 13. Qc1 b6 14. Bxf6 Rxf6 15. d3 Ba6 16. Nc3 Ndb4 17. a3 Nxd3 18. Nxd3 Bxd3 19. Rd1 Qe8 20. Nd5 Rh6 21. Nf4 Ba6 22. Nd5 Rc8 23. Qb2 Ne5 24. h3 Rd6 25. Nc3 Nd3 26. Qc2 Rcd8 27. b4 Qe5 28. b5 Bc8 29. Bf1 c4 30. Ne2 Be6 31. Nf4 Bf7 32. Qa4 R6d7 33. Rab1 g5 34. Nxd3 exd3 35. Rb4 c3 36. Rd4 Rxd4 37. exd4 Rxd4 0-1

[Event "Hamburg St Pauli op-A"]
[Site "Hamburg"]
[Date "2010.07.16"]
[Round "7"]
[White "Richter, Thomas"]
[Black "Nobis, Martina"]
[Result "1-0"]
[WhiteElo "1858"]
[BlackElo "1943"]
[PlyCount "97"]
[EventDate "2010.07.10"]
[EventType "swiss"]
[EventRounds "9"]
[EventCountry "GER"]
[SourceTitle "EXT 2013"]
[Source "ChessBase"]
[SourceDate "2012.11.22"]
[SourceVersion "1"]
[SourceVersionDate "2012.11.22"]
[SourceQuality "1"]

1. e4 g6 2. d4 Bg7 3. Nc3 d6 4. f4 Nf6 5. Nf3 0-0 6. Bd3 c6 7. 0-0 Qb6 8. Kh1 Nbd7 9. e5 Nd5 10. Nxd5 cxd5 11. c3 Qc7 12. Qc2 a5 13. Bd2 e6 14. g4 b6 15. h4 Ba6 16. h5 Bxd3 17. Qxd3 Rfe8 18. hxg6 fxg6 19. Ng5 Nf8 20. Kg2 Bh6 21. Nf3 Bg7 22. Rh1 dxe5 23. fxe5 Re7 24. Raf1 Rb8 25. Ng5 Bh8 26. Rf3 b5 27. Rhf1 Qc4 28. Qb1 Bg7 29. Nf7 Rxf7 30. Rxf7 Qe2+ 31. R1f2 Qxg4+ 32. Kf1 Qh3+ 33. Ke1 Qh1+ 34. Rf1 Qh4+ 35. Kd1 Qg4+ 36. Kc1 Qe2 37. R1f2 Qg4 38. Qd3 b4 39. Qf1 bxc3 40. Bxc3 Bh6+ 41. Kb1 Bg7 42. a3 a4 43. Bb4 Qe4+ 44. Ka1 Rxb4 45. Rxf8+ Bxf8 46. Rxf8+ Kg7 47. axb4 Qxd4 48. Qf6+ Kh6 49. Qf4+ 1-0

[Event "Hamburg St Pauli op-A"]
[Site "Hamburg"]
[Date "2010.07.11"]
[Round "2"]
[White "Buchholz, Robert"]
[Black "Richter, Thomas"]
[Result "1-0"]
[WhiteElo "2009"]
[BlackElo "1858"]
[PlyCount "59"]
[EventDate "2010.07.10"]
[EventType "swiss"]
[EventRounds "9"]
[EventCountry "GER"]
[SourceTitle "EXT 2013"]
[Source "ChessBase"]
[SourceDate "2012.11.22"]
[SourceVersion "1"]
[SourceVersionDate "2012.11.22"]
[SourceQuality "1"]

1. g3 c5 2. Bg2 Nc6 3. c4 Nf6 4. Nc3 b6 5. d3 Bb7 6. Nf3 h6 7. e4 e5 8. Nd5 Bd6 9. 0-0 g5 10. Nxg5 Nxd5 11. Nxf7 Kxf7 12. Qh5+ Kg7 13. Qg4+ Kf7 14. exd5 Nd4 15. Be4 Qf6 16. f4 h5 17. Qxd7+ Qe7 18. fxe5+ Kg7 19. Qxd6 Qxd6 20. exd6 Rad8 21. Bf4 Ne2+ 22. Kg2 Nxf4+ 23. Rxf4 Rxd6 24. Raf1 Rd7 25. Bf5 Rf7 26. Be6 Rxf4 27. Rxf4 Rf8 28. Rxf8 Kxf8 29. Kh3 Ke7 30. Kh4 1-0

[Event "Mecklenburg VP LL2 West 0910"]
[Site "Mecklenburg VP"]
[Date "2009.12.13"]
[Round "4.4"]
[White "Richter, Thomas"]
[Black "Fitz, Baldur"]
[Result "1/2-1/2"]
[WhiteElo "1840"]
[BlackElo "1572"]
[PlyCount "49"]
[EventDate "2009.10.18"]
[EventType "team-tourn"]
[EventRounds "9"]
[EventCountry "GER"]
[SourceTitle "EXT 2016"]
[Source "ChessBase"]
[SourceDate "2015.10.08"]
[SourceVersion "1"]
[SourceVersionDate "2015.10.08"]
[SourceQuality "1"]
[WhiteTeam "Parchim SV Blau-Weiss 69"]
[BlackTeam "Ludwigslust Post SV II"]
[WhiteTeamCountry "GER"]
[BlackTeamCountry "GER"]

1. c4 c6 2. Nf3 d5 3. cxd5 cxd5 4. g3 Nc6 5. Bg2 Nf6 6. 0-0 e6 7. d3 Bd6 8. b3 0-0 9. Bb2 Re8 10. Nc3 a6 11. a3 b5 12. b4 Bb7 13. Rc1 Rc8 14. Re1 Bb8 15. Nb1 e5 16. Nfd2 Ne7 17. Nb3 Rxc1 18. Qxc1 Qb6 19. Qc5 Qe6 20. Qc2 Ba7 21. Qc7 Ng4 22. Nc5 Bxc5 23. bxc5 Ba8 24. h3 Rc8 25. Qd6 1/2-1/2

[Event "Mecklenburg VP LL2 West 0708"]
[Site "Mecklenburg VP"]
[Date "2007.11.25"]
[Round "3.5"]
[White "Wiemer, Juergen"]
[Black "Richter, Thomas"]
[Result "1-0"]
[WhiteElo "1946"]
[BlackElo "1878"]
[PlyCount "63"]
[EventDate "2007.10.21"]
[EventType "team-tourn"]
[EventRounds "9"]
[EventCountry "GER"]
[SourceTitle "EXT 2016"]
[Source "ChessBase"]
[SourceDate "2015.10.08"]
[SourceVersion "1"]
[SourceVersionDate "2015.10.08"]
[SourceQuality "1"]
[WhiteTeam "Neukloster II"]
[BlackTeam "Parchim SV Blau-Weiss 69"]
[WhiteTeamCountry "GER"]
[BlackTeamCountry "GER"]

1. e4 Nc6 2. d4 e6 3. Nf3 Nf6 4. e5 Nd5 5. c4 Nb6 6. Nc3 d6 7. exd6 cxd6 8. Bf4 a6 9. Rc1 d5 10. c5 Nd7 11. Be2 Be7 12. 0-0 0-0 13. Re1 Re8 14. Bd3 Nf8 15. a3 Ng6 16. Bg3 Bd7 17. Na4 Nb8 18. Nb6 Ra7 19. Bxb8 Qxb8 20. Nxd7 Qf4 21. Qa4 Rd8 22. Nb6 Bf6 23. Rc3 Qg4 24. h3 Qh5 25. Bxg6 hxg6 26. Ne5 Bg5 27. Rf3 f6 28. Ng4 f5 29. Rxe6 fxg4 30. Re8+ Rxe8 31. Qxe8+ Kh7 32. Rf8 1-0

[Event "Blankenburg op-A 15th"]
[Site "Blankenburg"]
[Date "2007.10.02"]
[Round "6"]
[White "Kasper, Mike"]
[Black "Richter, Thomas"]
[Result "1-0"]
[WhiteElo "1946"]
[BlackElo "1871"]
[PlyCount "97"]
[EventDate "2007.09.29"]
[EventType "swiss"]
[EventRounds "7"]
[EventCountry "GER"]
[SourceTitle "EXT 2009"]
[Source "ChessBase"]
[SourceDate "2008.11.26"]
[SourceVersion "1"]
[SourceVersionDate "2008.11.26"]
[SourceQuality "1"]

1. e4 e5 2. Nf3 Nc6 3. Bc4 Bc5 4. 0-0 Nf6 5. d4 Bxd4 6. Nxd4 Nxd4 7. f4 Nc6 8. Bxf7+ Kxf7 9. fxe5 Nxe5 10. Qd5+ Ke8 11. Qxe5+ Qe7 12. Qxc7 d6 13. Qxe7+ Kxe7 14. Nc3 Be6 15. Bg5 Rhf8 16. Rad1 Rac8 17. Rd2 a6 18. Rfd1 Rc6 19. h3 h6 20. Bh4 g5 21. Bg3 Ne8 22. a3 Rf6 23. Ne2 Rg6 24. Nd4 Rc4 25. b3 Rc3 26. Nf5+ Bxf5 27. exf5 Rf6 28. Re2+ Kf7 29. Be1 Rc6 30. g4 Ng7 31. c4 Kf8 32. Bc3 Rf7 33. Bb4 Rd7 34. Red2 Ne8 35. c5 a5 36. Bxa5 Rxc5 37. Bb4 Rc6 38. Re2 Re7 39. Rxe7 Kxe7 40. Re1+ Kf7 41. Re6 Nf6 42. Rxd6 Rxd6 43. Bxd6 h5 44. Be5 Nd7 45. Bd4 hxg4 46. hxg4 Nb8 47. Kf2 Nc6 48. Bc3 Na7 49. a4 1-0